Statistics for Asian Footballers in Europe's Top 5 Leagues

Click here to take the quiz!

General Stats

  • This quiz has been taken 109 times
    (47 since last reset)
  • The average score is 13 of 24

Answer Stats

ClubNationalityAnswer% Correct
Tottenham HotspurSouth KoreaSon Heung-min
100%
Bayern MunichSouth KoreaKim Min-jae
91%
AS MonacoJapanTakumi Minamino
84%
LiverpoolJapanWataru Endo
84%
Brighton and Hove AlbionJapanKaoru Mitoma
78%
SS LazioJapanDaichi Kamada
73%
Real Sociedad
Japan
Takefusa Kubo
73%
ArsenalJapanTakehiro Tomiyasu
73%
Wolverhampton WanderersSouth KoreaHwang Hee-chan
71%
Mainz 05South KoreaLee Jae-sung
64%
Paris Saint-GermainSouth KoreaLee Kang-in
64%
SC FreiburgJapanRitsu Doan
56%
Vfb StuttgartJapanHiroki Ito
51%
Vfl BochumJapanTakuma Asano
49%
AS RomaIranSardar Azmoun
47%
Eintracht FrankfurtJapanMakoto Hasebe
42%
Borussia MonchengladbachJapanKo Itakura
40%
BrentfordIranSaman Ghoddos
36%
CagliariUzbekistanEldor Shomurodov
29%
Vfb StuttgartSouth KoreaJeong Woo-yeong
27%
Vfb StuttgartJapanGenki Haraguchi
22%
MontpellierJordanMousa Al-Tamari
18%
RC LensUzbekistanAbdukodir Khusanov
9%
FC AugsburgJapanMasaya Okugawa
9%

Score Distribution

Percentile by Number Answered

Percent of People with Each Score

Your Score History

You have not taken this quiz since the last reset